000
00333nam a22001457a 4500
008
231016b ||||| |||| 00| 0 eng d
020
_a
9780385088046
041
_a
eng
080
_a
316
082
_a
316ARO
100
_a
24
101
_a
SOCIOLO
245
_a
MAIN CURRENTS IN SOCIOLOGICAL THOUGHT I
_c
ARON .R
942
_2
udc
_c
BK
999
_c
60456
_d
60456